Postmedieval a journal of medieval cultural studies.

" ... cross-disciplinary, peer-reviewed journal in medieval studies that aims to bring the medieval and modern into productive critical relation. The journal will work to develop a present-minded medieval studies in which contemporary events, issues, ideas, problems, objects, and texts serve as trig...

Full description

Bibliographic Details
Format: Electronic Journal
Language:English
Published: Houndmills, Basingstoke, Hampshire [England] : Palgrave Macmillan, 2010-
Subjects:
Online Access:Full text available from Research Library: 04/01/2011 to 1 year ago

MARC

LEADER 00000nas a2200000 a 4500
001 ssj0000495647
003 WaSeSS
005 20200512172242.0
006 m d
007 cr n
008 100423c20109999enkqr p s 0 0eng c
010 |a  2011251112 
015 |a GBB859587  |2 bnb 
016 7 |a 2588170-X  |2 DE-600 
016 7 |a 014940672  |2 Uk 
022 |a 2040-5979  |l 2040-5960  |y 2040-5960 
035 |a (WaSeSS)ssj0000495647 
040 |a STF  |b eng  |e pn  |c STF  |d OCLCQ  |d HEBIS  |d UMC  |d OCLCQ  |d HUL  |d OCLCO  |d VT2  |d OCLCF  |d OCLCO  |d OCLCQ  |d UEJ  |d DLC  |d NTG  |d UKMGB  |d WaSeSS 
042 |a pcc 
050 0 0 |a CB351 
050 1 4 |a CB353  |b .P59 
222 0 |a Postmedieval  |b (Online) 
245 0 0 |a Postmedieval  |h [electronic resource] :  |b a journal of medieval cultural studies. 
246 3 0 |a Journal of medieval cultural studies 
260 |a Houndmills, Basingstoke, Hampshire [England] :  |b Palgrave Macmillan,  |c 2010- 
310 |a Quarterly,  |b 2012- 
321 |a Three times a year,  |b 2010-2011 
362 1 |a Began with: Vol. 1, issue 1/2 (Mar. 2010). 
506 |a License restrictions may limit access. 
515 |a Some issues combined. 
520 |a " ... cross-disciplinary, peer-reviewed journal in medieval studies that aims to bring the medieval and modern into productive critical relation. The journal will work to develop a present-minded medieval studies in which contemporary events, issues, ideas, problems, objects, and texts serve as triggers for critical investigations of the Middle Ages. Further, we are concerned to illuminate the deep historical structures - mental, linguistic, social, cultural, aesthetic, religious, political, sexual, and the like - that underlie contemporary thought and life, and therefore, we are also interested in attending to the question of the relation of the medieval to the modern (and vice versa) in different times and places. We want to also demonstrate the important value of medieval studies and the longest possible historical perspectives to the ongoing development of contemporary critical and cultural theories that remain under-historicized. Finally, we will advocate for and support the continuing development, from any and all disciplinary directions, of historicist, materialist, comparatist, and theoretical approaches to the subjects of the Middle Ages"--About this journal, viewed Apr. 23, 2010. 
588 |a Description based on: Vol. 1, issue 1/2 (Mar. 2010); title from journal home page (publisher's Web site, viewed Apr. 23, 2010). 
588 |a Latest issue consulted: Vol. 9, Issue 2 (June 2018) (Springer Link website, viewed July 25, 2018). 
650 0 |a Civilization, Medieval  |v Periodicals. 
650 0 |a Civilization, Medieval  |x Philosophy  |v Periodicals. 
650 0 |a Middle Ages  |x Philosophy  |v Periodicals. 
650 0 |a Literature, Medieval  |x History and criticism  |x Theory, etc.  |v Periodicals. 
650 7 |a Civilization, Medieval.  |2 fast  |0 (OCoLC)fst00863049 
650 7 |a Civilization, Medieval  |x Philosophy.  |2 fast  |0 (OCoLC)fst00863057 
650 7 |a Literature, Medieval  |x Theory, etc.  |2 fast  |0 (OCoLC)fst01921204 
650 7 |a Middle Ages  |x Philosophy.  |2 fast  |0 (OCoLC)fst01020322 
655 0 |a Electronic journals. 
776 0 8 |i Print version:  |t Postmedieval  |x 2040-5960  |w (DLC) 2011257268  |w (OCoLC)642852259 
850 |a DLC 
856 4 0 |z Full text available from Research Library: 04/01/2011 to 1 year ago  |u https://search.proquest.com/publication/286197